000 00211 a2200097 4500
001 1168
100 _aSmith, P.S
245 _aProblems in electrical engineering
260 _a
_bConstable
_c
090 _c730
_d730
942 _aNUST-CAE
_cM
_c33934
999 _c236241
_d236241